000 00619nam a22001937a 4500
003 AM-YeHGA
005 20250617154224.0
008 180626b ||||| |||| 00| 0 rus d
040 _aAM-YeHGA
041 0 _arus
100 1 _aХаин, В.Е.
245 1 0 _aГеотектоническое развитие юго-восточного Кавказа /
_cВ.Е. Хаин
260 _aБаку :
_bАзнефтеиздат,
_c1950
300 _a224 с.,
_b[1] л. граф.; карт.
504 _aБиблиогр.: с. 218-223
653 0 _aГеотектоника
942 _2udc
_cBK
090 _c409644
999 _c407377
_d407377